000 00519nam a2200217Ia 4500
008 210210b1911 xxu||||| |||| 00| 0 eng d
041 _aeng
082 _a321/61
100 _aPOLLOCK (Frederick)
245 _aHistory of english law Vol II
260 _aLondon
_bLongmans Green and Company
_c1911
300 _a691
650 _aVol
650 _alaw
650 _aII
650 _aHistory
650 _aenglish
690 _aPolitical Science
700 _aMAITLAND (Frederic William)
906 _a003378
999 _c121083
_d121083